Annual Import of Goods and Services.2009 (Record no. 349185)
[ view plain ]
| 000 -LEADER | |
|---|---|
| fixed length control field | 00466 a2200169 4500 |
| 003 - CONTROL NUMBER IDENTIFIER | |
| control field | NUST |
| 005 - DATE AND TIME OF LATEST TRANSACTION | |
| control field | 20240529120434.0 |
| 008 - FIXED-LENGTH DATA ELEMENTS--GENERAL INFORMATION | |
| fixed length control field | 240529b ||||| |||| 00| 0 eng d |
| 082 ## - DEWEY DECIMAL CLASSIFICATION NUMBER | |
| Classification number | 380 |
| Author Mark | SBP |
| 100 ## - MAIN ENTRY--PERSONAL NAME | |
| Personal name | State Bank of Pakistan. |
| 245 ## - TITLE STATEMENT | |
| Title | Annual Import of Goods and Services.2009 |
| Statement of responsibility, etc. | State Bank of Pakistan. |
| 260 ## - PUBLICATION, DISTRIBUTION, ETC. | |
| Place of publication, distribution, etc. | Pakistan |
| Name of publisher, distributor, etc. | State Bank of Pakistan. |
| Date of publication, distribution, etc. | 2009-2010 |
| 300 ## - PHYSICAL DESCRIPTION | |
| Extent | 882p. |
| 500 ## - GENERAL NOTE | |
| General note | Paper cover |
| 563 ## - BINDING INFORMATION | |
| Binding note | PB |
| 942 ## - ADDED ENTRY ELEMENTS (KOHA) | |
| Koha item type | Book |
| Call number prefix | 380 SBP |
| Source of classification or shelving scheme | |
| Withdrawn status | Lost status | Source of classification or shelving scheme | Damaged status | Not for loan | Permanent Location | Current Location | Date acquired | Total Checkouts | Full call number | Barcode | Date last seen | Date last checked out | Price effective from | Koha item type | Public note |
|---|---|---|---|---|---|---|---|---|---|---|---|---|---|---|---|
| Central Library (CL) | Central Library (CL) | 08/28/2013 | 1 | 380 SBP | S3H-N-1699 | 11/22/2017 | 08/01/2017 | 08/28/2013 | Book | NBSR-81 |
